MARC

LEADER 00000nab a2200000 ar4500
001 vtls010646151
003 SK-MaSNL
005 20260305031759.0
008 150112c2014 xo wr|p|||||||000 b|slo
038 |a PPPK 
040 |a PPPKCL  |b slo  |c PPPKCL  |e AACR2 
041 0 |a slo 
044 |a xo  |c SK 
080 |a 324:352  |x (437.6)  |2 2001 
080 |a 352.08  |2 2001 
245 0 0 |a Ako sme volili 
500 |a Autor článku nie je uvedený. 
648 7 |a 15.11.2014  |2 pppkcl  |9 1093902 
650 0 7 |a komunálne voľby  |y 2014  |2 pppkcl  |9 1088275 
650 0 7 |a primátori  |2 pppkcl  |9 29696 
650 0 7 |a starostovia  |2 pppkcl  |9 29670 
651 7 |a Kežmarok (Slovensko : okres)  |2 pppkcl  |9 51824 
651 7 |a Poprad (Slovensko : okres)  |2 pppkcl  |9 28675 
651 7 |a Levoča (Slovensko : okres)  |2 pppkcl  |9 30131 
773 0 |t Podtatranské noviny  |g Roč. LIV, č. 47 (2014), s. 3  |x 1210-2423 
852 |a PPPK  |b KIS3GCP 
999 |c 3317421  |d 3319351